000 00629cam a22001817a 4500
008 180718b2006 xxu||||| |||| 00| 0 eng d
020 _a8189233416
082 _aB253x54 B288
245 _aEthnic identities and democracy: electoral politics in north east India
_cedited by Apruba K. Baruah and Rajesh Dev
260 _aNew Delhi
_bRegency
_c2006
300 _a147p.
650 _aIndia, Northeastern --Politics and government.
650 _aDemocracy --India, Northeastern
650 _aInsurgency --India, Northeastern
650 _aEthnicity --India, Northeastern
700 _aDev, Rajesh
700 _aBaruah, Apruba K.
999 _c406342
_d406342